MDQL
is popping MORE tags! Check the
thread
!
Quizzes
Events
Quiz Creation
Community
Videos
Private Events
Remove Ads
Sign In
Join for FREE
Feedback
Dark Mode
Quiz Categories
Sports
Geography
Music
Movies
Television
Just For Fun
Miscellaneous
History
Literature
Language
Science
Gaming
Entertainment
Religion
Holiday
For Kids
Quiz Lab
Recent
Popular Today
Quiz Kudos Today
Editor Picks
Curator Picks
Quizzes by...
Day
Popularity
Type
Ratings
Length
Year
Community
Subscriptions
Recent Discussions
Orange Saloon
Badges
Playlists
Quests
Create
Leaderboards
Showdown
Live 5
Trivia Bingo
Activity
Puzzle Library
Sporcle Events
Private Events
Virtual Trivia
Globe League
Become a Host
Pub Owners
SporcleCon
Opinionation
Our Games
Videos
Blog
Mobile Apps
Partnerships
Remove Ads and Go Orange
Feedback
Movies
Disney
Marvel Cinematic Universe
Movie Resume
Movie Titles
Oscar
Actor
Actress
Director
Pixar
Role
Movie Quotes
Movie Characters
Box Office
Nominee
Best Picture
Star Wars
James Bond
Horror Movies
Movies
Disney
Marvel Cinematic Universe
Movie Resume
Movie Titles
Oscar
Actor
Actress
Director
Pixar
Role
Movie Quotes
Movie Characters
Box Office
Nominee
Best Picture
Star Wars
James Bond
Horror Movies
Random Quiz
Search Sporcle
×
Quiz Lab
Quiz Lab
Movies
Director
Type in answers that appear in a list
Type in answers that appear in a list
Classic
Best Score? Go Orange.
'E' Movie Chain Stats
Can you name the films beginning with 'E' using the following chain of clues?
By
Cueball_Col
8m
20 Questions
151 Plays
151 Plays
151 Plays
Comments
Comments
Give Quiz Kudos
Give Quiz Kudos
-
- Ratings
hide this ad
Forced Order
Answers have to be entered in order
Answers have to be entered in order
Replay
Link that replays current quiz
Next Quiz
Link to next quiz in quiz playlist
You Got
0%
They Got
Avg Score
49%
Avg Friend Score
Upgrade to see
Score Distribution
Jump to the score distribution portion of the page
Score
0/20
Timer
08:00
0
Plays Today
Starting point
Film
% Correct
Drew Barrymore didn't 'like his feet' in...
E.T.: The Extra-Terrestrial
96.7%
...who had some memories erased in 2004 in...
Eternal Sunshine of the Spotless Mind
80.1%
...who had an uncredited appearance in a film that used the same character and actress from the film 'Daredevil' called...
Elektra
72.8%
...who had an uncredited role as 'Trench' in 2010 in...
The Expendables
70.9%
...who was in Stanley Kubrick's last film...
Eyes Wide Shut
70.2%
...who appeared in Jon Favreau's festive comedy...
Elf
63.6%
...who appeared in the 1996 Jane Austen adaptation...
Emma
59.6%
...who played a U.S. Marshall in 1996 in...
Eraser
57.6%
...who adapted a J.G.Ballard novel in 1987 with...
Empire of the Sun
53%
...who appeared in a film that had a cameoing Matt Damon singing 'Scotty Doesn't Know' in...
EuroTrip
48.3%
Starting point
Film
% Correct
...who played one of three furry aliens in...
Earth Girls Are Easy
47.7%
...who played 'lady in the bed' in the National Lampoon film...
European Vacation
45%
...who narrated the 2004 Anne Hathaway fantasy film...
Ella Enchanted
45%
...who did effects for the 2001 David Duchovny film...
Evolution
43%
...who was in the WWII set code-
breaking drama...
Enigma
35.8%
...who played a gun-
toting 'cleric' in...
Equilibrium
29.8%
...whose Annie Hall director Woody Allen helmed the 1996 comedy-
musical...
Everyone Says I Love You
23.8%
...who saved a penalty kick to keep the score at 4-
4 in...
Escape to Victory (aka Victory)
21.9%
...who played a jaded university lecturer in the Willy Russell adaptation...
Educating Rita
17.9%
...who pilots the 'Lewis & Clarke' in the year 2047 in...
Event Horizon
12.6%
Quiz Playlist
Details
Report
Send in Message
Add To Playlist
Classic:
Type in answers that appear in a list
Forced Order:
Answers have to be entered in order
Quiz Source
Last Updated: Feb 16, 2017
Quiz Scoreboard
CHALLENGE
Sign Up to Join the Scoreboard
Show All
Scores
Hide
Comments
May contain spoilers
Recently Published
Street Fighter Characters
by Artimus82
Gaming
60s
9x9 Crossword: Cartoon Network
by jackfrog10
Miscellaneous
3m
College Basketball Coaching Resumes
by pancakes188
Sports
9m
More to Explore
Quiz From the Vault
Featured Blog Post
Where Did the Easter Bunny Come From?
hide this ad
You Might Also Like...
Tags
Actor Quiz
Actress Quiz
Director Quiz
Movie Titles Quiz
Begins With
link
point
Starting
Today's Top Quizzes in Movies
Browse Movies
hide this ad
Today's Top Quizzes in Director
Browse Director
Top Contributed Quizzes in Movies
1
Pick 5 Posters: Directed by Spielberg
2
7-to-1: Pixar Characters
3
Pick 5 Posters: Lowest-Rated Spielberg
4
Hidden Star Wars Character II
5
Sorting Actors
6
Sorting Actresses
7
Pick 5 Posters: Directed by Scorsese
8
Hidden Star Wars Character III
9
Pick 5 Posters: Star & Director
10
Hidden Star Wars Character IV
Explore More
Trending Topics
Disney
Harry Potter
Marvel
Kpop
Anime
Crossword
NBA
The Office
Country
Soccer
Pokémon
WWE
Puzzle
Song
NFL
hide this ad
More By:
Cueball_Col
Quiz
Plays
Rating
Category
Featured
Created
'F' Movie Chain
202
4.25
Movies
Mar 2, 2012
'B' Movie Chain
269
4.71
Movies
Feb 29, 2012
'D' Movie Chain
248
4.50
Movies
Mar 1, 2012
'H' Movie Chain
213
4.60
Movies
Mar 6, 2012
'F' Movie Chain
202
4.25
Movies
Mar 2, 2012
'C' Movie Chain
186
4.20
Movies
Mar 1, 2012
Go to Creator's Profile
Score Distribution
Quiz Creator Spotlight
Cueball_Col
Follow
Send a Message
Quizzes Created
-
Created Quiz Play Count
-
More By This Creator
Popular Quizzes Today
1
Find the US States - No Outlines Minefield
2
Find the Countries of Europe - No Outlines Minefield
3
The Countries of the World
4
Find the US States
5
Risky Map Clicking: Biggest States A-Z
6
US States
7
Popular People in 1961
8
Movies - When Are They Set?
More Movies Quizzes
MCU Character Profile: Thor
Quiz Lab
Trending Quizzes
Risky Map Clicking: Least Populous States A-Z
1-10 Letter G Words
Risky Map Clicking: Next State Alphabetically
Adjectives in 80s TV Shows
The Seven Year Switch: Catherine
Recently Updated
Leaping Animals
pecheneg
Reality TV Shows (A-Z)
bhenderson79
Rickey Henderson's Hall of Fame Teammates
pecheneg
Champions League XIs: Arsenal
pecheneg
Quick Pick: Celebrities in WWE's Hall of Fame
aduchscher
A-Z Keypad Blitz II
pecheneg
Multiple Oscar Actors
pecheneg
Mystery Phrase Blitz: Oscar 'Best Actors'
pecheneg
F. Scott Fitzgerald Novels
LTH
Pick 3 Villains
ddd62291
Trending Topics
Disney
Kpop
Anime
NBA
Marvel
Harry Potter
Crossword
Country
NFL
Puzzle
Pokémon
WWE
The Office
Soccer
Song
Your Account Isn't Verified!
In order to create a playlist on Sporcle, you need to verify the email address you used during registration. Go to your
Sporcle Settings
to finish the process.
Report this User
Report this user for behavior that violates our
Community Guidelines
.
Details:
Send Report
Go to the Sporcle.com Mobile Site →
Comments